| 000 | 00974nam a22002537a 4500 | ||
|---|---|---|---|
| 005 | 20240530110509.0 | ||
| 008 | 151026s2010 ua a g 000 0 ara d | ||
| 017 |
_a2010/43845 _bمصر . دار الكتب المصرية |
||
| 040 | _aEG-CaGPL | ||
| 082 | 0 | 4 |
_221 _a291.042\ _bع أ |
| 100 | 0 | _aعلى الالفى . | |
| 245 | 1 | 0 |
_aانبياء مصر و انبياء السامية : _bاحافير جذور الاديان / _cتاليف على الالفى . |
| 250 | _aط1. | ||
| 260 |
_aالقاهرة : _bمكتبة جزيرة الورد ، _c2010 . |
||
| 300 |
_a288 ص ؛ _c24 سم . |
||
| 650 | 0 | 4 | _aالديانات المقارنة . |
| 650 | 0 | 4 | _aاللاهوت علم . |
| 650 | 0 | 4 |
_aالديانات _xتطور . |
| 650 | 0 | 4 | _aالعلاقات الدينية . |
| 650 | 0 | 4 | _aالديانات القديمة . |
| 651 | 0 | 4 |
_aمصر الفرعونية _xتاريخ _xالاقباط . |
| 942 |
_2ddc _cBK |
||
| 999 |
_c61636 _d61636 |
||